[Event "Swiss-552.1.08"]
[Site "IECC email"]
[Date "2010.07.26"]
[Round "?"]
[White "Vann, Robin"]
[Black "Allain, Michael A"]
[Result "0-1"]
[WhiteElo "1504"]
[BlackElo "1341"]
[PlyCount "68"]
[EventDate "2010.??.??"]
[EventType "tourn (corr)"]
[SourceTitle "Telechess CBM 149"]
[Source "ChessBase"]
[SourceDate "2012.07.17"]
[SourceVersion "1"]
[SourceVersionDate "2012.07.17"]
[SourceQuality "1"]
[WhiteTeam "England"]
[BlackTeam "US of America"]
[WhiteTeamCountry "ENG"]
[BlackTeamCountry "USA"]

1. e4 a6 2. d4 b5 3. Bd3 Bb7 4. Nf3 g6 5. 0-0 Bg7 6. a4 b4 7. c3 a5 8. Qb3 Ba6 9. Bxa6 Nxa6 10. cxb4 Nxb4 11. Bd2 Rb8 12. Na3 c6 13. Nc2 Nf6 14. Rfe1 0-0 15. e5 Nfd5 16. Nxb4 Nxb4 17. Bxb4 Rxb4 18. Qc3 Qb6 19. Qc5 Qxc5 20. dxc5 Rxb2 21. Red1 Re2 22. Rxd7 Bxe5 23. Re1 Rxe1+ 24. Nxe1 Rb8 25. Rxe7 Bd4 26. Ra7 Rb2 27. g3 Rxf2 28. Rxa5 Re2+ 29. Kf1 Rxe1+ 30. Kxe1 Bc3+ 31. Ke2 Bxa5 32. Kd3 f6 33. h3 Kf7 34. g4 Ke6 0-1

[Event "IECC O-3143"]
[Site "IECC email"]
[Date "2010.05.12"]
[Round "?"]
[White "Wegner, Shane"]
[Black "Allain, Michael A"]
[Result "0-1"]
[WhiteElo "1300"]
[BlackElo "1300"]
[PlyCount "44"]
[EventDate "2010.??.??"]
[EventType "swiss (corr)"]
[EventRounds "2"]
[SourceTitle "Telechess CBM 149"]
[Source "ChessBase"]
[SourceDate "2012.07.17"]
[SourceVersion "1"]
[SourceVersionDate "2012.07.17"]
[SourceQuality "1"]
[WhiteTeam "Canada"]
[BlackTeam "US of America"]
[WhiteTeamCountry "CAN"]
[BlackTeamCountry "USA"]

1. e4 d5 2. exd5 Qxd5 3. Nc3 Qa5 4. d4 c6 5. Nf3 Bg4 6. h3 Bh5 7. g4 Bg6 8. h4 e6 9. Ne5 f6 10. Nxg6 hxg6 11. Bc4 e5 12. Qd3 Ne7 13. dxe5 Qxe5+ 14. Be3 Nd7 15. 0-0-0 0-0-0 16. Rhe1 Qa5 17. Qd6 Nd5 18. Rxd5 cxd5 19. Qxd5 Nc5 20. Bxc5 Rxd5 21. Bxf8 Re5 22. Rf1 Rxf8 0-1

[Event "IECC O-3139"]
[Site "IECC email"]
[Date "2010.05.10"]
[Round "?"]
[White "Von Rosenberg, Clemens"]
[Black "Allain, Michael A"]
[Result "1-0"]
[WhiteElo "1399"]
[BlackElo "1329"]
[PlyCount "59"]
[EventDate "2010.??.??"]
[EventType "swiss (corr)"]
[EventRounds "2"]
[SourceTitle "Telechess CBM 149"]
[Source "ChessBase"]
[SourceDate "2012.07.17"]
[SourceVersion "1"]
[SourceVersionDate "2012.07.17"]
[SourceQuality "1"]
[WhiteTeam "Germany"]
[BlackTeam "US of America"]
[WhiteTeamCountry "GER"]
[BlackTeamCountry "USA"]

1. e4 d5 2. exd5 Qxd5 3. Nc3 Qa5 4. d4 c6 5. Bc4 Nf6 6. Nf3 Bg4 7. h3 Bh5 8. g4 Bg6 9. Ne5 Ne4 10. Nxg6 Nxc3 11. Qf3 Ne4+ 12. c3 fxg6 13. Bf7+ Kd8 14. Qxe4 Qb6 15. Bd2 Nd7 16. 0-0-0 Nf6 17. Qe5 a5 18. Bf4 a4 19. a3 Nd7 20. Qe6 Ra5 21. Rhe1 Rb5 22. Re2 Rd5 23. c4 Ra5 24. Re4 Qa6 25. Bd2 h5 26. Bxa5+ Qxa5 27. d5 c5 28. Bxg6 hxg4 29. Bf5 Qc7 30. d6 1-0